000 00628nam a2200241Ia 4500
003 OSt
005 20220924125514.0
006 a|||||r|||| 00| 0
007 ta
008 220923b |||||||| |||| 00| 0 hin d
024 _a53108
037 _cTextual
040 _aARTS
_cARTS
_bhin
041 _2hin
_ahin
082 _aP121:3, 152M7
100 _aTomar R S
_9198388
245 0 _aGrammatic Italian in Hindi
260 _aShantiniketan
_bVisva Bharati
_c1987
300 _a296+8p.
_ccm.
650 _aLINGUISTICS
942 _hP121:3, 152M7
_cTEXL
_2CC
999 _c422782
_d422782